000 00397nam a2200133Ia 4500
008 231129s1992||||xx |||||||||||||| ||spa||
040 _bspa
082 _a342.02861 E74c
100 _aEscuela Superior de Administracion Publica.
245 0 _aConstitución polí­tica de colombia 1991
260 _c1992
264 _aSantafé de Bogotá Colombia: Esap-Centro de Publicaciones
942 _2ddc
_cBKS
999 _c7962
_d7962